Medzinárodné parodontologico-implantologické stretnutie - 4. ročník Košice, Zlatá Idka, 15.-16. apríla 2011
| Corporate Author: | |
|---|---|
| Other Authors: | , |
| Format: | Conference Proceeding Book |
| Language: | Slovak Czech English |
| PhysicalDescription: | 26 s. 21 cm |
| Published: |
Turany
P+M
2011
|
| ISBN: | 9788089410101 |
| Edition: | 1. vyd. |
| Subjects: |
MARC
| LEADER | 00000nam a2200000 a 4500 | ||
|---|---|---|---|
| 001 | vtls010269354 | ||
| 003 | SK-MaSNL | ||
| 005 | 20260302011714.0 | ||
| 008 | 180809s2011 xo 100 0 slo | ||
| 015 | |a SNBA2011/06-03340 | ||
| 020 | |a 9788089410101 |q (brož.) | ||
| 035 | |a D399F568-E3CB-44F6-B940-5F517A28FA75 | ||
| 035 | |a urn:nbn:sk:snk-amjhii | ||
| 035 | |a urn:nbn:sk:snk-am001xvy | ||
| 040 | |a SNK |b slo |c SNK |e AACR2 | ||
| 041 | 0 | |a slo |a cze |a eng | |
| 044 | |a xo |c SK | ||
| 072 | 7 | |a 616.31 |x Stomatológia |2 konspekt | |
| 080 | |a [616.311+616.314]-00 |2 2001 | ||
| 080 | |a 616.314-089.843 |2 2001 | ||
| 080 | |a (062.534) |2 2001 | ||
| 080 | |a (048.3) |2 2001 | ||
| 111 | 2 | |a Medzinárodné parodontologico-implantologické stretnutie |n (4. : |d 2011 : |c Zlatá Idka, Slovensko) |9 652534 | |
| 245 | 1 | 0 | |a Medzinárodné parodontologico-implantologické stretnutie - 4. ročník |b Košice, Zlatá Idka, 15.-16. apríla 2011 |c [zostavovatelia: Juraj Strecha, Jozef Ivančo |
| 246 | 1 | 1 | |a The 4th international meeting of periodontists and implantologists |
| 246 | 3 | 0 | |a Fourth international meeting of periodontists and implantologists |
| 250 | |a 1. vyd. | ||
| 260 | |a Turany |b P+M |c 2011 | ||
| 300 | |a 26 s. |c 21 cm | ||
| 366 | |e 200 výt. | ||
| 546 | |a Text aj čes., angl. | ||
| 650 | 0 | 7 | |a parodontológia |2 SNKPH |9 20397 |
| 650 | 0 | 7 | |a zubné implantáty |2 SNKPH |9 121269 |
| 650 | 0 | 7 | |a Periodontics |2 SNKPHeng |9 318446 |
| 650 | 0 | 7 | |a Dental implants |2 SNKPHeng |9 305986 |
| 655 | 7 | |a zborníky konferencií |2 SNKPH |9 70153 | |
| 655 | 7 | |a Proceedings of conferences |2 SNKPHeng |9 265791 | |
| 655 | 7 | |a abstrakty |2 SNKPH |9 22516 | |
| 655 | 7 | |a Abstracts |2 SNKPHeng |9 275616 | |
| 700 | 1 | |a Strecha, Juraj, |d 1959- |4 com |9 197428 | |
| 700 | 1 | |a Ivančo, Jozef, |d 1940- |4 com |9 5986 | |
| 919 | |a 978-80-89410-10-1 | ||
| 958 | |a MI | ||
| 958 | |a OND | ||
| 968 | |d 61 | ||
| 999 | |c 1007107 |d 1009037 | ||
| 952 | |a SNK |b SNK |y PREZ |7 0 |p 17A0696420 |o snkSC 144929 |i snk2011/8198 |8 0 |0 0 |1 0 |4 0 |d 2011-04-08 |l 0 |r 2025-07-14 00:00:00 |w 2026-02-24 | ||
| 952 | |a SNK |b SNK |y VYP |7 0 |p 17A0696419 |o snkSC 144929 D1 |i snk2011/8199 |8 0 |0 0 |1 0 |4 0 |d 2011-04-08 |f 1 |l 0 |r 2026-02-24 12:39:51 |w 2026-02-24 | ||


